000 00763nam a2200253 i 4500
001 bg
100 1 _aHILL, Susan
_d(1942- ).
245 1 0 _aI'm the king of the castle /
_cSusan Hill ; notes Frank Downes.
250 _a9th impr.
260 _aHarlow :
_bLongman :
_bPearson Education,
_c2005.
300 _aIII, 288 s. ;
_c21 cm.
490 1 _aNew Longman Literature
650 9 _aPowieść angielska
_y20 w.
700 1 _aDOWNES, Frank.
_eOprac.
830 _aNew Longman Literature
020 _a0582434467
040 _cBPK
041 0 _aeng
080 _a821.111-3
920 _a0-582-43446-7
942 _cKS
008 s pl f |000 0 pol
999 _c52044
_d52044